<?xml version="1.0" encoding="UTF-8"?>
<record
    xmlns:xsi="http://www.w3.org/2001/XMLSchema-instance"
    xsi:schemaLocation="http://www.loc.gov/MARC21/slim http://www.loc.gov/standards/marcxml/schema/MARC21slim.xsd"
    xmlns="http://www.loc.gov/MARC21/slim">

  <leader>00378nam a2200157   4500</leader>
  <controlfield tag="005">20250613115947.0</controlfield>
  <controlfield tag="008">250613b        |||||||| |||| 00| 0 eng d</controlfield>
  <datafield tag="020" ind1=" " ind2=" ">
    <subfield code="a">9780552550451</subfield>
    <subfield code="q">pbk</subfield>
  </datafield>
  <datafield tag="041" ind1=" " ind2=" ">
    <subfield code="a">eng</subfield>
  </datafield>
  <datafield tag="082" ind1=" " ind2=" ">
    <subfield code="a">372.31</subfield>
    <subfield code="b">KIN</subfield>
  </datafield>
  <datafield tag="100" ind1=" " ind2=" ">
    <subfield code="a"> King-smith, Dick</subfield>
  </datafield>
  <datafield tag="245" ind1=" " ind2=" ">
    <subfield code="a">The adventourous snail</subfield>
  </datafield>
  <datafield tag="260" ind1=" " ind2=" ">
    <subfield code="a">Uk</subfield>
    <subfield code="b">Young corgi </subfield>
    <subfield code="c">2013</subfield>
  </datafield>
  <datafield tag="300" ind1=" " ind2=" ">
    <subfield code="a">112</subfield>
  </datafield>
  <datafield tag="942" ind1=" " ind2=" ">
    <subfield code="c">ENGLISH</subfield>
  </datafield>
  <datafield tag="999" ind1=" " ind2=" ">
    <subfield code="c">572206</subfield>
    <subfield code="d">572206</subfield>
  </datafield>
  <datafield tag="952" ind1=" " ind2=" ">
    <subfield code="0">0</subfield>
    <subfield code="1">0</subfield>
    <subfield code="4">0</subfield>
    <subfield code="7">0</subfield>
    <subfield code="a">ACL</subfield>
    <subfield code="b">ACL</subfield>
    <subfield code="c">CS</subfield>
    <subfield code="d">2010-11-10</subfield>
    <subfield code="l">0</subfield>
    <subfield code="o">372.31 KIN</subfield>
    <subfield code="p">347841</subfield>
    <subfield code="r">2025-06-13 17:11:22</subfield>
    <subfield code="w">2025-06-13</subfield>
    <subfield code="y">ENGLISH</subfield>
  </datafield>
  <datafield tag="952" ind1=" " ind2=" ">
    <subfield code="0">0</subfield>
    <subfield code="1">0</subfield>
    <subfield code="4">0</subfield>
    <subfield code="7">0</subfield>
    <subfield code="a">ACL</subfield>
    <subfield code="b">ACL</subfield>
    <subfield code="d">2025-06-13</subfield>
    <subfield code="l">0</subfield>
    <subfield code="o">372.31 KIN</subfield>
    <subfield code="r">2025-06-13 12:06:40</subfield>
    <subfield code="w">2025-06-13</subfield>
    <subfield code="y">ENGLISH</subfield>
  </datafield>
</record>
